Missing Word: New Year's Eve Movies Quiz Stats

 Plays Quiz Updated Dec 31, 2017

Challenge
Share
Tweet
Embed
Score 0/20 Timer 04:00
0 Plays Today
Movie Missing Word % Correct
When ____ Met SallyHarry
96.8%
Bridget ____ DiaryJones's
96.1%
___ Year's EveNew
96.1%
____ in SeattleSleepless
95.7%
While ____ Were SleepingYou
94.8%
Rosemary's ____Baby
93.7%
The ____ Part II Godfather
93.6%
An Affair to ____Remember
91.6%
The Poseidon ____Adventure
85.4%
____ 11Ocean's
83.5%
Movie Missing Word % Correct
____ PlacesTrading
83.4%
About a ___Boy
83.2%
End of ____Days
76.5%
____ InnHoliday
76.3%
____ Nights Boogie
75.4%
The Hudsucker ____Proxy
62.4%
Fruitvale ____Station
34%
Four ____Rooms
20.2%
____ Cigarettes200
16.6%
____ DaysStrange
13.6%

Today's Daily Dose

You're not logged in!

Compare scores with friends on all Sporcle quizzes.
OR
Log In

You Might Also Like...

Show Comments

Extras

Top Quizzes Today


Score Distribution

Your Account Isn't Verified!

In order to create a playlist on Sporcle, you need to verify the email address you used during registration. Go to your Sporcle Settings to finish the process.

Report this User

Report this user for behavior that violates our Community Guidelines.

Details: